Ecology of river valleys

Elmentve itt :
Bibliográfiai részletek
További közreműködők: Gallé László
Körmöczi László
Dokumentumtípus: Könyv
Megjelent: University of Szeged, Department of Ecology Szeged 2000
Sorozat:Tiscia monograph series 5
Kulcsszavak:Folyóvölgyek - Kárpát-medence - ökológia - tanulmányok
Tárgyszavak:
Online Access:http://acta.bibl.u-szeged.hu/38182
LEADER 00794nam a2200217 i 4500
001 acta38182
005 20230222124026.0
008 161201s2000 hu o 0|| eng d
020 |a 963 482 432 3 
040 |a SZTE Egyetemi Kiadványok Repozitórium  |b hun 
041 |a eng 
245 0 0 |a Ecology of river valleys  |h [elektronikus dokumentum] 
260 |a University of Szeged, Department of Ecology  |b Szeged  |c 2000 
300 |a 211  |c 24 cm 
490 0 |a Tiscia monograph series  |v 5 
650 4 |a Természettudományok 
650 4 |a Föld- és kapcsolódó környezettudományok 
695 |a Folyóvölgyek - Kárpát-medence - ökológia - tanulmányok 
700 0 1 |a Gallé László 
700 0 1 |a Körmöczi László 
856 4 0 |u http://acta.bibl.u-szeged.hu/38182/1/tiscia_mono_005.pdf  |z Dokumentum-elérés